[Event "European Hybrid Qual 2021"]
[Site "Tornelo INT"]
[Date "2021.05.27"]
[Round "2.2"]
[White "Lagarde, Maxime"]
[Black "Agdestein, Simen"]
[Result "1-0"]
[WhiteTitle "GM"]
[BlackTitle "GM"]
[WhiteElo "2638"]
[BlackElo "2552"]
[WhiteFideId "662399"]
[BlackFideId "1500015"]
[EventDate "2021.05.24"]
[EventType "k.o."]

1. e4 c5 2. Nf3 e6 3. d4 cxd4 4. Nxd4 Nf6 5. Nc3 Nc6 6. Nxc6 bxc6 7. e5 Nd5 8.
Ne4 Bb7 9. Be2 c5 10. O-O Qc7 11. f4 Be7 12. c4 Ne3 13. Bxe3 Bxe4 14. Bd3 Bxd3
15. Qxd3 O-O 16. Bd2 d6 17. Bc3 Rad8 18. Qe2 d5 19. f5 exf5 20. cxd5 Rxd5 21.
Rxf5 Qd7 22. Raf1 Qe6 23. Qg4 g6 24. h3 h5 25. Qg3 Rd1 26. Rxf7 Rxf1+ 27. Rxf1
Rxf1+ 28. Kxf1 Qf5+ 29. Kg1 Kf7 30. Qe1 Ke6 31. Qd1 Qe4 32. Kh1 Qf4 33. Qd3 g5
34. Qg6+ Kd5 35. Qxh5 Qf1+ 36. Kh2 Ke4 37. Bd2 Kxe5 38. Bxg5 Bd6 39. Be7+ Ke6+
40. Bxd6 Kxd6 41. Qg6+ Kd5 42. Qg5+ Kd6 43. h4 Qe2 44. h5 Qxb2 45. h6 Qc2 46.
Qf6+ Kd5 47. Qf7+ 1-0

[Event "European Hybrid Qual 2021"]
[Site "Tornelo INT"]
[Date "2021.05.27"]
[Round "2.3"]
[White "Lagarde, Maxime"]
[Black "Agdestein, Simen"]
[Result "0-1"]
[WhiteTitle "GM"]
[BlackTitle "GM"]
[WhiteElo "2638"]
[BlackElo "2552"]
[WhiteFideId "662399"]
[BlackFideId "1500015"]
[EventDate "2021.05.24"]
[EventType "k.o."]

1. e4 e6 2. d4 d5 3. e5 c5 4. c3 Bd7 5. Nf3 Nc6 6. Bd3 cxd4 7. cxd4 Qb6 8. O-O
Nxd4 9. Nbd2 Nxf3+ 10. Nxf3 Ne7 11. Be3 Qd8 12. h4 Nc6 13. h5 h6 14. Rc1 Rc8 15.
a3 a6 16. b4 Be7 17. Qd2 Kf8 18. Bc5 Bxc5 19. Rxc5 f5 20. Qf4 Kg8 21. Rfc1 Ne7
22. g4 Rxc5 23. Rxc5 g5 24. Qc1 fxg4 25. Nh2 Kg7 26. Nxg4 Rf8 27. Nf6 Nc6 28.
Nxd7 Qxd7 29. Bxa6 Qf7 30. Qe3 bxa6 31. Rxc6 Qxh5 32. Rxa6 Qd1+ 33. Kg2 Qg4+ 34.
Qg3 Qe4+ 35. Kg1 Rf3 36. Ra7+ Kg6 37. Qg2 d4 38. Re7 Qe1+ 39. Kh2 Rxf2 40. Rxe6+
Kh5 41. Re8 Rxg2+ 42. Kxg2 Qe2+ 43. Kg3 Qe3+ 44. Kg2 d3 45. Rd8 Qxe5 0-1

[Event "European Hybrid Qual 2021"]
[Site "Tornelo INT"]
[Date "2021.05.27"]
[Round "2.4"]
[White "Agdestein, Simen"]
[Black "Lagarde, Maxime"]
[Result "0-1"]
[WhiteTitle "GM"]
[BlackTitle "GM"]
[WhiteElo "2552"]
[BlackElo "2638"]
[WhiteFideId "1500015"]
[BlackFideId "662399"]
[EventDate "2021.05.24"]
[EventType "k.o."]

1. d4 f5 2. c4 Nf6 3. g3 g6 4. Bg2 Bg7 5. Nf3 O-O 6. O-O d6 7. Nc3 Nc6 8. d5 Ne5
9. Nxe5 dxe5 10. e4 f4 11. gxf4 exf4 12. e5 Ng4 13. e6 Ne5 14. Re1 Nxc4 15. Re4
Nd6 16. Rxf4 b5 17. Qd3 Rb8 18. Rb1 a5 19. Ne4 b4 20. Rxf8+ Qxf8 21. Nxd6 cxd6
22. b3 Ra8 23. Bg5 Ba6 24. Qe3 h6 25. Bf4 Rc8 26. Rc1 Rc3 27. Rxc3 bxc3 28. Be4
g5 29. Bg3 Qc8 30. Bc2 Qb7 31. Qe4 Qb5 32. Kg2 Qf1+ 33. Kf3 h5 34. Qh7+ Kf8 35.
Qg6 g4+ 36. Kf4 Qc1+ 0-1

[Event "European Hybrid Qual 2021"]
[Site "Tornelo INT"]
[Date "2021.05.27"]
[Round "2.5"]
[White "Lagarde, Maxime"]
[Black "Agdestein, Simen"]
[Result "0-1"]
[WhiteTitle "GM"]
[BlackTitle "GM"]
[WhiteElo "2638"]
[BlackElo "2552"]
[WhiteFideId "662399"]
[BlackFideId "1500015"]
[EventDate "2021.05.24"]
[EventType "k.o."]

1. e4 c5 2. Nf3 Nc6 3. d4 cxd4 4. Nxd4 Nf6 5. Nc3 e6 6. Nxc6 bxc6 7. e5 Nd5 8.
Ne4 Qc7 9. f4 Qb6 10. a3 Be7 11. Bd3 O-O 12. Qh5 h6 13. Qe2 f5 14. exf6 Nxf6 15.
c4 d5 16. Be3 Qa5+ 17. Bd2 Qb6 18. Nc3 Qxb2 19. O-O Qb6+ 20. Kh1 Qc7 21. Rac1
Qd6 22. Rfe1 Bd7 23. cxd5 cxd5 24. Nb5 Bxb5 25. Bxb5 Ne4 26. Be3 Qxa3 27. Qg4
Rf6 28. Bg1 Qb2 29. Be2 Bd6 30. g3 Raf8 31. Rb1 Qa2 32. Rb7 R8f7 33. Rxf7 Kxf7
34. Bd4 Bc5 35. Bxc5 Nxc5 36. Qf3 Qd2 37. Rd1 Qb4 38. Qf1 Kg8 39. Bg4 Ne4 40.
Kg2 Qb2+ 41. Qe2 Qxe2+ 42. Bxe2 Nc3 43. Re1 Nxe2 44. Rxe2 g5 45. Ra2 gxf4 46. g4
f3+ 47. Kf2 e5 48. Rxa7 e4 49. Re7 Rb6 50. Re5 Rb2+ 51. Kg3 Rg2+ 52. Kh3 Re2 53.
Rxd5 f2 54. Rf5 e3 55. g5 hxg5 56. Kg4 Re1 57. Rxg5+ Kf7 58. Rf5+ Ke6 59. Rf4
f1=Q 60. Re4+ Kd5 61. Rf4 Qxf4+ 62. Kxf4 Kd4 63. Kg3 Rh1 64. h4 Rxh4 0-1

[Event "European Hybrid Qual 2021"]
[Site "Tornelo INT"]
[Date "2021.05.27"]
[Round "2.2"]
[White "Ponkratov, Pavel"]
[Black "Ozen, Deniz"]
[Result "1-0"]
[WhiteTitle "GM"]
[BlackTitle "IM"]
[WhiteElo "2624"]
[BlackElo "2397"]
[WhiteFideId "4157800"]
[BlackFideId "6349196"]
[EventDate "2021.05.24"]
[EventType "k.o."]

1. e4 e5 2. Nf3 Nf6 3. Nc3 Bb4 4. Nxe5 O-O 5. Nd3 Bxc3 6. dxc3 Nxe4 7. Be2 d5 8.
O-O c6 9. a4 Re8 10. a5 Bf5 11. Re1 Nd7 12. Be3 h6 13. Bf1 b6 14. Nb4 Qf6 15. f3
Nec5 16. Qd2 Qg6 17. Qf2 Rac8 18. Kh1 Kh8 19. Re2 Nb7 20. axb6 axb6 21. g4 Be6
22. Nd3 Ra8 23. Rxa8 Rxa8 24. Nf4 Qh7 25. Re1 c5 26. Bd3 Qg8 27. g5 c4 28. gxh6
cxd3 29. hxg7+ Qxg7 30. Bd4 f6 31. Nxe6 Qh7 32. cxd3 Re8 33. Nf4 Rxe1+ 34. Qxe1
Qf5 35. Qe8+ Kh7 36. Qf7+ Kh6 37. Be3 d4 38. cxd4 1-0

[Event "European Hybrid Qual 2021"]
[Site "Tornelo INT"]
[Date "2021.05.26"]
[Round "2.1"]
[White "Huzman, Alexander"]
[Black "Martirosyan, Haik M."]
[Result "1/2-1/2"]
[WhiteTitle "GM"]
[BlackTitle "GM"]
[WhiteElo "2558"]
[BlackElo "2637"]
[WhiteFideId "2803828"]
[BlackFideId "13306553"]
[EventDate "2021.05.24"]
[EventType "k.o."]

1. d4 Nf6 2. c4 e6 3. g3 d5 4. Nf3 Bb4+ 5. Bd2 Be7 6. Bg2 O-O 7. O-O Nbd7 8. a4
a5 9. Qc2 Ne4 10. Nc3 Nxd2 11. Nxd2 c6 12. Rfd1 Bb4 13. Na2 Be7 14. Nc1 b6 15.
Nd3 Ba6 16. Rac1 Rc8 17. Qb1 Nf6 18. e3 Qd6 19. Bf1 Qb8 20. b4 axb4 21. Nxb4 Bb7
22. cxd5 cxd5 23. Bb5 Bd6 1/2-1/2

[Event "European Hybrid Qual 2021"]
[Site "Tornelo INT"]
[Date "2021.05.27"]
[Round "2.2"]
[White "Martirosyan, Haik M."]
[Black "Huzman, Alexander"]
[Result "1/2-1/2"]
[WhiteTitle "GM"]
[BlackTitle "GM"]
[WhiteElo "2637"]
[BlackElo "2558"]
[WhiteFideId "13306553"]
[BlackFideId "2803828"]
[EventDate "2021.05.24"]
[EventType "k.o."]

1. d4 Nf6 2. c4 e6 3. Nf3 d5 4. Nc3 c6 5. Bg5 h6 6. Bxf6 Qxf6 7. e3 Nd7 8. Bd3
dxc4 9. Bxc4 g6 10. O-O Bg7 11. Re1 O-O 12. e4 e5 13. d5 Rd8 14. h3 b5 15. dxc6
bxc4 16. cxd7 Rxd7 17. Qe2 Qe6 18. Red1 Rb8 19. Rd5 Rdb7 20. Qxc4 Rxb2 21. Qc7
Qb6 22. Qxb6 1/2-1/2

[Event "European Hybrid Qual 2021"]
[Site "Tornelo INT"]
[Date "2021.05.27"]
[Round "2.3"]
[White "Martirosyan, Haik M."]
[Black "Huzman, Alexander"]
[Result "1-0"]
[WhiteTitle "GM"]
[BlackTitle "GM"]
[WhiteElo "2637"]
[BlackElo "2558"]
[WhiteFideId "13306553"]
[BlackFideId "2803828"]
[EventDate "2021.05.24"]
[EventType "k.o."]

1. d4 Nf6 2. c4 e6 3. Nf3 d5 4. Nc3 c6 5. Bg5 h6 6. Bxf6 Qxf6 7. e3 Nd7 8. Bd3
dxc4 9. Bxc4 Bd6 10. O-O Qe7 11. Qd3 O-O 12. Rfd1 e5 13. Bb3 Nf6 14. dxe5 Bxe5
15. Nxe5 Qxe5 16. Qd6 Qxd6 17. Rxd6 Re8 18. Rad1 Kf8 19. R6d4 Be6 20. Bxe6 Rxe6
21. e4 Rae8 22. f3 Re5 23. f4 Ra5 24. a4 Rc5 25. e5 Nd5 26. Nxd5 cxd5 27. Rxd5
Rec8 28. b3 Rxd5 29. Rxd5 Rc1+ 30. Kf2 Rc2+ 31. Kf1 Rb2 32. Rd3 Ke7 33. f5 g6
34. fxg6 fxg6 35. h4 h5 36. Rg3 Ke6 37. Rxg6+ Kxe5 38. Rg5+ Kf4 39. Rxh5 Kg3 40.
Rb5 Kxh4 41. Rxb7 a5 42. Rb5 Kg3 43. Ke1 Kxg2 44. Kd1 Kf3 45. Kc1 Ra2 46. Kb1
Rh2 47. Rxa5 Ke4 48. Rc5 Kd3 49. Rc6 1-0

[Event "European Hybrid Qual 2021"]
[Site "Tornelo INT"]
[Date "2021.05.27"]
[Round "2.4"]
[White "Huzman, Alexander"]
[Black "Martirosyan, Haik M."]
[Result "0-1"]
[WhiteTitle "GM"]
[BlackTitle "GM"]
[WhiteElo "2558"]
[BlackElo "2637"]
[WhiteFideId "2803828"]
[BlackFideId "13306553"]
[EventDate "2021.05.24"]
[EventType "k.o."]

1. g3 Nf6 2. Bg2 d5 3. f4 c5 4. Nf3 Nc6 5. d3 g6 6. O-O Bg7 7. Qe1 d4 8. Na3 O-O
9. c3 Nd5 10. Bd2 Nb6 11. Nc2 Bf5 12. Nh4 Bd7 13. c4 Na4 14. Rb1 Rb8 15. Qd1 a6
16. Na3 Nb6 17. b4 cxb4 18. Bxb4 Na8 19. Bd2 Nc7 20. Qc2 Ne6 21. c5 Bf6 22. Nf3
Qc7 23. Rfc1 Rfd8 24. Qb3 Qc8 25. Qb2 Nc7 26. Nc4 Bh3 27. Bh1 Qe6 28. Kf2 Nd5
29. Ng5 Bxg5 30. fxg5 Nc3 31. Rxc3 dxc3 32. Qxc3 Qf5+ 33. Bf3 Qxc5+ 34. Be3 Qf5
35. Kg1 Qe6 36. Bf2 b5 37. Nb6 Ne5 0-1

[Event "European Hybrid Qual 2021"]
[Site "Tornelo INT"]
[Date "2021.05.26"]
[Round "2.1"]
[White "Sychev, Klementy"]
[Black "Petrosyan, Manuel"]
[Result "1/2-1/2"]
[WhiteTitle "GM"]
[BlackTitle "GM"]
[WhiteElo "2558"]
[BlackElo "2625"]
[WhiteFideId "4114060"]
[BlackFideId "13300857"]
[EventDate "2021.05.24"]
[EventType "k.o."]

1. d4 Nf6 2. c4 e6 3. Nf3 d5 4. Nc3 dxc4 5. e4 b5 6. e5 Nd5 7. Nxb5 Nb6 8. a3
Be7 9. Be3 Nc6 10. Qc2 Na5 11. Rd1 Rb8 12. Nc3 Bb7 13. Be2 h6 14. h4 Qd7 15. Rh3
Nd5 16. Bd2 Nb3 17. Bxc4 Nxd2 18. Qxd2 Nxc3 19. Qxc3 O-O 20. b4 a5 21. bxa5 Bd5
22. a6 Rb6 23. Bxd5 1/2-1/2

[Event "European Hybrid Qual 2021"]
[Site "Tornelo INT"]
[Date "2021.05.27"]
[Round "2.2"]
[White "Petrosyan, Manuel"]
[Black "Sychev, Klementy"]
[Result "1-0"]
[WhiteTitle "GM"]
[BlackTitle "GM"]
[WhiteElo "2625"]
[BlackElo "2558"]
[WhiteFideId "13300857"]
[BlackFideId "4114060"]
[EventDate "2021.05.24"]
[EventType "k.o."]

1. Nf3 Nf6 2. c4 c5 3. Nc3 e6 4. g3 b6 5. Bg2 Bb7 6. O-O Be7 7. d4 cxd4 8. Qxd4
d6 9. b3 O-O 10. Bb2 a6 11. Rfd1 Nbd7 12. e4 Qb8 13. Qe3 Re8 14. Nd4 Qc7 15. h3
Rad8 16. Re1 Bf8 17. Rad1 Qb8 18. Qe2 g6 19. Nc2 Bg7 20. f4 Ba8 21. Nb4 Nc5 22.
Nd3 Nxd3 23. Qxd3 Bc6 24. Ba3 Nd7 25. Qc2 Nc5 26. b4 Nb7 27. Bb2 b5 28. cxb5
axb5 29. Kh2 Rc8 30. Qb3 Qa7 31. Rd2 Bd7 32. Red1 h5 33. h4 Rc7 34. e5 d5 35.
Ne4 Rc4 36. a3 Bc6 37. Ng5 Bd7 38. Bf1 Rc7 39. Bd4 Qa6 40. Qf3 Rec8 41. g4 hxg4
42. Qxg4 Rc2 43. Bd3 Rxd2+ 44. Rxd2 Qxa3 45. Nxf7 Qxb4 46. Rg2 Qxd4 47. Bxg6 Kf8
48. Bh5 Bf6 49. exf6 Qxf6 50. Ne5 Nc5 51. Qg5 Qxg5 52. fxg5 Ke7 53. Be2 Ne4 54.
h5 Nxg5 55. Rxg5 Kf6 56. Nf3 Be8 57. Kg3 b4 58. Rg8 Kf7 59. Rg4 Kf6 60. Rf4+ Kg7
61. Kh4 b3 62. Kg5 Rc3 63. h6+ Kh7 64. Rb4 Re3 65. Rb7+ Kg8 66. h7+ Kh8 67. Kh6 1-0

[Event "European Hybrid Qual 2021"]
[Site "Tornelo INT"]
[Date "2021.05.26"]
[Round "2.1"]
[White "Santos Ruiz, Miguel"]
[Black "Gledura, Benjamin"]
[Result "1-0"]
[WhiteTitle "GM"]
[BlackTitle "GM"]
[WhiteElo "2594"]
[BlackElo "2633"]
[WhiteFideId "22291482"]
[BlackFideId "712779"]
[EventDate "2021.05.24"]
[EventType "k.o."]

1. d4 d5 2. c4 c6 3. Nf3 Nf6 4. Nc3 e6 5. e3 Nbd7 6. Qc2 a5 7. b3 Bb4 8. a3
Bxc3+ 9. Qxc3 O-O 10. Be2 b6 11. a4 c5 12. O-O Bb7 13. Rd1 Rc8 14. Bb2 Ne4 15.
Qe1 cxd4 16. exd4 Rc7 17. Bf1 Qf6 18. Qe3 dxc4 19. bxc4 Nd6 20. Ne5 Nf5 21. Nxd7
Rxd7 22. Qb3 Qg6 23. Rd2 Rfd8 24. Qxb6 Be4 25. Qb3 h5 26. Rad1 Rb7 27. Qh3 Rdb8
28. Bc3 Rb3 29. Re2 Bc6 30. Qd3 Ra3 31. Ra1 Rxa1 32. Bxa1 Bxa4 33. Ra2 Rb4 34.
Bc3 Bb3 35. Bxb4 Bxa2 36. Bxa5 Nd6 37. Qxg6 fxg6 38. c5 Nf5 39. c6 Bd5 40. Bb5
Kf7 41. Bb4 Ne7 42. c7 Bb7 43. Bd6 g5 44. f3 Nc8 45. Bc5 Ne7 46. Kf2 Bc8 47. Bd6
Nd5 48. Bc6 Ne7 49. Ba4 Nd5 50. Be5 Ba6 51. Bc2 Bb7 52. Be4 Ba6 53. Kg3 Ne7 54.
Kf2 Nd5 55. Ke1 Ke7 56. Bxd5 exd5 57. Bxg7 Bc8 58. h3 1-0

[Event "European Hybrid Qual 2021"]
[Site "Tornelo INT"]
[Date "2021.05.27"]
[Round "2.2"]
[White "Gledura, Benjamin"]
[Black "Santos Ruiz, Miguel"]
[Result "1-0"]
[WhiteTitle "GM"]
[BlackTitle "GM"]
[WhiteElo "2633"]
[BlackElo "2594"]
[WhiteFideId "712779"]
[BlackFideId "22291482"]
[EventDate "2021.05.24"]
[EventType "k.o."]

1. d4 Nf6 2. c4 e6 3. Nc3 Bb4 4. Qc2 O-O 5. a3 Bxc3+ 6. Qxc3 d5 7. Bg5 c5 8.
dxc5 d4 9. Qf3 Nbd7 10. e3 h6 11. Bxf6 Nxf6 12. O-O-O e5 13. Ne2 Bg4 14. Qg3 Qa5
15. f3 Be6 16. Qxe5 dxe3 17. Nc3 Rac8 18. Nb5 Nd7 19. Qxe3 Rxc5 20. b4 Qxb5 21.
Qxc5 Qa4 22. Qe3 a5 23. Qc3 Rc8 24. Bd3 axb4 25. axb4 Bxc4 26. Bf5 1-0

[Event "European Hybrid Qual 2021"]
[Site "Tornelo INT"]
[Date "2021.05.27"]
[Round "2.3"]
[White "Gledura, Benjamin"]
[Black "Santos Ruiz, Miguel"]
[Result "1-0"]
[WhiteTitle "GM"]
[BlackTitle "GM"]
[WhiteElo "2633"]
[BlackElo "2594"]
[WhiteFideId "712779"]
[BlackFideId "22291482"]
[EventDate "2021.05.24"]
[EventType "k.o."]

1. d4 Nf6 2. c4 e6 3. Nf3 d5 4. Qc2 c5 5. cxd5 cxd4 6. Nxd4 Nxd5 7. a3 Nf6 8. e4
e5 9. Nf3 Bd6 10. Nc3 O-O 11. Bg5 h6 12. Bh4 g5 13. Bg3 Nc6 14. Bb5 Qe7 15. Bxc6
bxc6 16. O-O Nh5 17. Rfc1 Rb8 18. Nd1 Bb7 19. Ne3 Ng7 20. b4 Rbc8 21. Nd2 f6 22.
Ndc4 Bc7 23. f3 Bb6 24. Nxb6 axb6 25. Nc4 Qc7 26. Bf2 c5 27. Rab1 cxb4 28. Qb3
Qf7 29. Qxb4 Ba6 30. Nxb6 Rxc1+ 31. Rxc1 Rd8 32. Nd5 Ne8 33. Qa5 Rd6 34. Bc5 Re6
35. Qd8 Kg7 36. Bb4 Bb5 37. h3 Qd7 38. Qb8 Rc6 39. Rd1 Ba4 40. Rd2 Rc8 41. Qb6
Rc6 42. Qe3 Qb7 43. Kh2 Kh7 44. Ne7 Rc7 45. Nf5 Bd7 46. Qb3 Bxf5 47. exf5 Ng7
48. Rd8 Rf7 49. Qc4 Qc7 50. Qxc7 Rxc7 51. Rf8 Nxf5 52. Rxf6 Nh4 53. Be1 Ng6 54.
a4 Rc2 55. Bg3 Ra2 56. Rf7+ Kg8 57. Ra7 h5 58. Ra5 Re2 59. Kg1 Kf7 60. Kf1 Re3
61. Kf2 Ra3 62. Bxe5 Ra2+ 63. Kf1 Nh4 64. Bg3 Nxg2 65. Rxg5 Ne3+ 66. Ke1 h4 67.
Bf2 Nc2+ 68. Kf1 Rxa4 69. Rg4 Ra1+ 70. Kg2 Ra2 71. Re4 Kg6 72. Bxh4 Ne3+ 73. Kg1
Ra1+ 74. Kf2 Nf5 75. Rg4+ Kf7 76. Bg5 Ra2+ 77. Kf1 Ra1+ 78. Ke2 Ra2+ 79. Bd2 Ke6
80. h4 Ra1 81. h5 Rh1 82. h6 Kf7 83. Rf4 Kg6 84. Ra4 Kh7 85. Ra7+ Kg8 86. Ra6
Rh3 87. Be3 Kh7 88. Rf6 Rh5 89. Kd3 Ng3 90. Bf4 Nf5 91. Ke4 Nh4 92. Rf7+ Kg8 93.
Rg7+ Kf8 94. Bd6+ Ke8 95. Re7+ Kd8 96. h7 Nf5 97. h8=Q+ Rxh8 98. Kxf5 Rf8+ 99.
Ke4 Rf6 100. Bc5 Rc6 101. Re5 Kd7 102. f4 Ra6 103. f5 Ra1 104. f6 Re1+ 105. Be3
Rf1 106. Bf4 1-0

[Event "European Hybrid Qual 2021"]
[Site "Tornelo INT"]
[Date "2021.05.27"]
[Round "2.4"]
[White "Santos Ruiz, Miguel"]
[Black "Gledura, Benjamin"]
[Result "1/2-1/2"]
[WhiteTitle "GM"]
[BlackTitle "GM"]
[WhiteElo "2594"]
[BlackElo "2633"]
[WhiteFideId "22291482"]
[BlackFideId "712779"]
[EventDate "2021.05.24"]
[EventType "k.o."]

1. c4 c5 2. Nf3 Nc6 3. d4 cxd4 4. Nxd4 Nf6 5. Nc3 e6 6. Bf4 d5 7. e3 Bb4 8. Nxc6
Bxc3+ 9. bxc3 bxc6 10. Qa4 O-O 11. Be2 Ne4 12. Rc1 Qb6 13. O-O Ba6 14. Rb1 Nxc3
15. Rxb6 Nxe2+ 16. Kh1 axb6 17. Qxc6 Nxf4 18. exf4 Bxc4 19. Rb1 b5 20. Rb2 Rfc8
21. Qd7 Bxa2 22. h4 Bc4 23. h5 h6 24. Kh2 Rd8 25. Qe7 d4 26. g4 d3 27. Rd2 Rd5
28. g5 Rf5 29. f3 e5 30. gxh6 Rxh5+ 31. Kg2 Rxh6 32. fxe5 Re6 33. Qc7 Rae8 34.
f4 f6 35. exf6 Rxf6 36. Kg3 Re3+ 37. Kf2 Re2+ 38. Rxe2 dxe2 39. Qc8+ Rf8 40. Qc7
Re8 41. Ke1 Rf8 42. Kf2 Re8 43. Ke1 Rf8 44. Kf2 1/2-1/2

[Event "European Hybrid Qual 2021"]
[Site "Tornelo INT"]
[Date "2021.05.26"]
[Round "2.1"]
[White "Palac, Mladen"]
[Black "Deac, Bogdan-Daniel"]
[Result "1/2-1/2"]
[WhiteTitle "GM"]
[BlackTitle "GM"]
[WhiteElo "2525"]
[BlackElo "2627"]
[WhiteFideId "14500116"]
[BlackFideId "1226380"]
[EventDate "2021.05.24"]
[EventType "k.o."]

1. e4 c5 2. Nf3 d6 3. d4 cxd4 4. Nxd4 Nf6 5. Nc3 a6 6. g3 g6 7. Bg2 Bg7 8. O-O
O-O 9. h3 Nc6 10. Be3 Bd7 11. Qd2 Rc8 12. Rad1 Qc7 13. g4 b5 14. g5 b4 15. Nce2
Nh5 16. c3 bxc3 17. Nxc3 Nxd4 18. Bxd4 Bxd4 19. Qxd4 Nf4 20. Qe3 e5 21. Nd5 Nxd5
22. Rxd5 Be6 23. Rd2 Qc5 24. Qxc5 dxc5 25. Rc1 Bxa2 26. Rd6 Be6 27. Rxa6 c4 28.
Ra5 Rb8 29. Rc2 Rb4 30. Rxe5 Rfb8 31. f4 Rxb2 32. Rxb2 Rxb2 33. Rc5 h6 34. f5
gxf5 35. exf5 Bd7 36. gxh6 Rb5 37. Rxc4 Bxf5 38. Rf4 Bg6 39. h4 Kh7 40. Bf3 Kxh6
41. Kf2 Rf5 42. Rxf5 Bxf5 43. Bd5 Kh5 44. Bxf7+ Kxh4 1/2-1/2

[Event "European Hybrid Qual 2021"]
[Site "Tornelo INT"]
[Date "2021.05.27"]
[Round "2.2"]
[White "Deac, Bogdan-Daniel"]
[Black "Palac, Mladen"]
[Result "1-0"]
[WhiteTitle "GM"]
[BlackTitle "GM"]
[WhiteElo "2627"]
[BlackElo "2525"]
[WhiteFideId "1226380"]
[BlackFideId "14500116"]
[EventDate "2021.05.24"]
[EventType "k.o."]

1. c4 e5 2. Nc3 Nf6 3. Nf3 Nc6 4. e4 Bb4 5. d3 d6 6. a3 Ba5 7. b4 Bb6 8. Na4 Bd4
9. Rb1 Bg4 10. Be2 Bxf3 11. Bxf3 a6 12. Bd2 Ba7 13. O-O Nd4 14. Nc3 O-O 15. Kh1
b5 16. Be2 c6 17. a4 h6 18. f4 bxc4 19. dxc4 exf4 20. Rxf4 Re8 21. Bd3 Ne6 22.
Rf1 Bd4 23. b5 Nc5 24. Qf3 cxb5 25. cxb5 Nxd3 26. Qxd3 Bxc3 27. Bxc3 Nxe4 28. b6
Nxc3 29. Qxc3 Qd7 30. a5 Qb7 31. Rbc1 Rad8 32. Qd2 Rd7 33. Rfe1 Rxe1+ 34. Rxe1
d5 35. Re8+ Kh7 36. Qd3+ g6 37. Qd4 f6 38. Qxf6 Rg7 39. Qf8 1-0

[Event "European Hybrid Qual 2021"]
[Site "Tornelo INT"]
[Date "2021.05.26"]
[Round "2.1"]
[White "Lodici, Lorenzo"]
[Black "Hovhannisyan, Robert"]
[Result "1/2-1/2"]
[WhiteTitle "IM"]
[BlackTitle "GM"]
[WhiteElo "2483"]
[BlackElo "2632"]
[WhiteFideId "884189"]
[BlackFideId "13302507"]
[EventDate "2021.05.24"]
[EventType "k.o."]

1. e4 e5 2. Nf3 Nc6 3. Bc4 Bc5 4. c3 Nf6 5. d4 exd4 6. b4 Be7 7. e5 Ne4 8. b5
Na5 9. Bd3 Nxc3 10. Nxc3 dxc3 11. Qa4 b6 12. O-O c5 13. Rd1 g6 14. Bh6 Bb7 15.
Qf4 Qc7 16. Ng5 f6 17. Nxh7 f5 18. Nf6+ Bxf6 19. exf6 Qxf4 20. Bxf4 Kf7 21. Bd6
a6 22. Rac1 axb5 23. Bxb5 Nc6 24. f4 Rhe8 1/2-1/2

[Event "European Hybrid Qual 2021"]
[Site "Tornelo INT"]
[Date "2021.05.27"]
[Round "2.2"]
[White "Hovhannisyan, Robert"]
[Black "Lodici, Lorenzo"]
[Result "1-0"]
[WhiteTitle "GM"]
[BlackTitle "IM"]
[WhiteElo "2632"]
[BlackElo "2483"]
[WhiteFideId "13302507"]
[BlackFideId "884189"]
[EventDate "2021.05.24"]
[EventType "k.o."]

1. e4 c6 2. Nf3 d5 3. e5 c5 4. c4 d4 5. d3 Nc6 6. g3 Bg4 7. h3 Bf5 8. Nh4 Bd7 9.
f4 e6 10. Bg2 Nge7 11. O-O Nf5 12. Nxf5 exf5 13. Nd2 Be7 14. a3 a5 15. b3 Ra6
16. g4 Qc8 17. gxf5 Bxf5 18. Qf3 Rb6 19. Ne4 Rxb3 20. Bd2 Qd8 21. Rfb1 Qb6 22.
Qd1 a4 23. Rxb3 axb3 24. Rb1 Na5 25. Qe1 Nc6 26. Qd1 Na5 27. Bxa5 Qxa5 28. Rxb3
Bxe4 29. Bxe4 O-O 30. Rxb7 Bh4 31. Rb1 g6 32. a4 Bg3 33. Qf3 Bh4 34. e6 fxe6 35.
Qg4 Bf6 36. Qxe6+ Kg7 37. Rb7+ Kh6 38. Qg4 Qe1+ 39. Kg2 Qd2+ 40. Kh1 Qe1+ 41.
Qg1 Qh4 42. a5 Be7 43. a6 Rxf4 44. Bg2 Bd6 45. a7 Rf3 46. Rb2 Kg7 47. a8=Q Rxh3+
48. Bxh3 Qxh3+ 49. Rh2 Bxh2 50. Qgg2 Qh4 51. Qae4 Bf4+ 52. Kg1 Be3+ 53. Kf1 Qf6+
54. Qgf3 Qd6 55. Qb7+ Kh6 56. Qh1+ Kg5 57. Qbd5+ 1-0

[Event "European Hybrid Qual 2021"]
[Site "Tornelo INT"]
[Date "2021.05.26"]
[Round "2.1"]
[White "Dragnev, Valentin"]
[Black "Yilmaz, Mustafa"]
[Result "1-0"]
[WhiteTitle "GM"]
[BlackTitle "GM"]
[WhiteElo "2565"]
[BlackElo "2630"]
[WhiteFideId "1634852"]
[BlackFideId "6302718"]
[EventDate "2021.05.24"]
[EventType "k.o."]

1. e4 c5 2. Nf3 d6 3. d4 cxd4 4. Nxd4 Nf6 5. Nc3 a6 6. Be3 e5 7. Nb3 Be6 8. h3
Be7 9. Qd3 Nc6 10. a3 Na5 11. Nxa5 Qxa5 12. O-O-O Rc8 13. Bd2 Qc5 14. f4 b5 15.
g4 Bc4 16. Qf3 d5 17. Bxc4 Qxc4 18. exd5 b4 19. axb4 e4 20. Qe2 Qxb4 21. d6 Bxd6
22. Nxe4 Qxe4 23. Qxe4+ Nxe4 24. Rhe1 f5 25. gxf5 O-O 26. Rxe4 Rxf5 27. Ra4 Rc6
28. Rg1 Rh5 29. Rg3 Kf7 30. b3 Bc7 31. Rd4 Rd6 32. Rc4 Rd7 33. Bc3 g6 34. Kb2
Ke8 35. Re3+ Kf7 36. Rc6 Rf5 37. Be5 Bxe5+ 38. fxe5 Ra7 39. b4 Rf4 40. Ka3 Ke7
41. Rb6 a5 42. b5 Rc7 43. Ra6 Rxc2 44. e6 Rcc4 45. Ra7+ Ke8 46. Rxa5 Rc1 47.
Ra8+ Ke7 48. Ra7+ Ke8 49. Rxh7 Ra1+ 50. Kb2 Ra5 51. Rb7 Rf5 52. b6 Rf2+ 53. Kb3
Rb5+ 54. Kc4 Rfb2 55. Ra3 R2b4+ 56. Kc3 Rxb6 57. Ra8# 1-0

[Event "European Hybrid Qual 2021"]
[Site "Tornelo INT"]
[Date "2021.05.27"]
[Round "2.2"]
[White "Yilmaz, Mustafa"]
[Black "Dragnev, Valentin"]
[Result "1-0"]
[WhiteTitle "GM"]
[BlackTitle "GM"]
[WhiteElo "2630"]
[BlackElo "2565"]
[WhiteFideId "6302718"]
[BlackFideId "1634852"]
[EventDate "2021.05.24"]
[EventType "k.o."]

1. d4 d5 2. c4 c6 3. Nf3 Nf6 4. e3 Bf5 5. Nc3 e6 6. Nh4 Be4 7. f3 Bg6 8. Qb3 Qc7
9. Bd2 Be7 10. cxd5 cxd5 11. Nxg6 hxg6 12. O-O-O Nc6 13. Kb1 a6 14. Rc1 Nd7 15.
Bd3 Na5 16. Qd1 Nc4 17. Bxc4 Qxc4 18. Be1 O-O 19. h4 Rac8 20. g4 b5 21. Ne2 Qa4
22. Qxa4 Rxc1+ 23. Nxc1 bxa4 24. Ba5 Rb8 25. Nd3 Rb5 26. Rc1 Rxa5 27. Rc7 Nb6
28. Rxe7 Kf8 29. Ra7 Nc4 30. Kc1 Ke8 31. Nc5 e5 32. Nb7 Rb5 33. dxe5 Rb6 34. f4
Kf8 35. Nd8 Rxb2 36. Nxf7 Re2 37. Nh8 Rxe3 38. Nxg6+ Ke8 39. f5 Re1+ 40. Kc2
Re2+ 41. Kc3 Re3+ 42. Kd4 Re4+ 43. Kxd5 Rxg4 44. Ke6 1-0